000 01229cab a2200493 4500
001 ABS59159
008 090401t1998 xxu||||| |||| 00| 0 eng d
035 _a(Sirsi) u88245
041 _aeng
245 _aRegional survey: North London Boroughs
260 _c1998
350 _a0
490 _aProperty Week
_v63(18) 28 August 1998, 52-61(7)
650 _aBARNET
650 _aBRENT CROSS
650 _aDEVELOPMENT
650 _aEDMONTON
650 _aENFIELD
650 _aFINCHLEY
650 _aGOLDERS GREEN
650 _aHARINGEY
650 _aHARROW
650 _aINDUSTRIAL SECTOR
650 _aINVESTMENT
650 _aISLINGTON
650 _aLEE VALLEY
650 _aLEISURE SECTOR
650 _aNORTH LONDON
650 _aOBJECTIVE 2 AREAS
650 _aOFFICE SECTOR
650 _aPARK ROYAL
650 _aREGENERATION
650 _aRESIDENTIAL CONVERSIONS
650 _aRETAIL SECTOR
650 _aSTRUCTURAL FUNDS
650 _aTOTTENHAM
650 _aTOWER HAMLETS
650 _aTOWN CENTRES
650 _aTRANSPORT PLANNING
650 _aWOOD GREEN
690 _aPROPERTY-COMMERCIAL PROPERTY-COMMERCIAL PROPERTY MARKET
942 _n0
948 _c02/09/1998
999 _c55750
_d55750